[Event "Imperia Corallo op-A 1st"]
[Site "Imperia"]
[Date "2006.11.24"]
[Round "1"]
[White "Pedemonte, Claudio"]
[Black "Elce, Dennis"]
[Result "1/2-1/2"]
[WhiteElo "1917"]
[BlackElo "1644"]
[PlyCount "80"]
[EventDate "2006.11.24"]
[EventType "swiss"]
[EventRounds "5"]
[EventCountry "ITA"]
[SourceTitle "EXT 2024"]
[Source "ChessBase"]
[SourceDate "2023.10.10"]
[SourceVersion "1"]
[SourceVersionDate "2023.10.10"]
[SourceQuality "1"]

1. c4 Nf6 2. Nc3 c6 3. g3 e6 4. Bg2 d5 5. cxd5 exd5 6. d4 Bf5 7. Nf3 h6 8. a3 Bd6 9. b4 a6 10. Bb2 Nbd7 11. Nd2 0-0 12. 0-0 Re8 13. Re1 Bc7 14. e4 dxe4 15. Ncxe4 Nd5 16. Nc5 Rxe1+ 17. Qxe1 b6 18. Nxd7 Qxd7 19. Nc4 Re8 20. Qd2 f6 21. Re1 Rxe1+ 22. Qxe1 Qe6 23. Qxe6+ Bxe6 24. Nd2 Kf7 25. Kf1 Bd7 26. h3 g5 27. Ke2 Kg6 28. Kd3 f5 29. Nc4 Be6 30. Ne5+ Bxe5 31. dxe5 f4 32. g4 Kf7 33. Be4 Ke7 34. Bf5 Kd7 35. Ke4 Ne7 36. Bxe6+ Kxe6 37. Bd4 Nd5 38. Kd3 Kd7 39. Ke4 Ke6 40. Bb2 Ne7 1/2-1/2